| 000 | 00472nam a2200169 i 4500 | ||
|---|---|---|---|
| 001 | 25728 | ||
| 003 | ES-MaACL | ||
| 005 | 20230906153325.0 | ||
| 007 | t| | ||
| 008 | 030102s1970 sp ||||1| val d | ||
| 100 | 1 |
_aArdit, Manuel. _922548 |
|
| 245 | 1 | 3 |
_aLa inquisició al pais Valenciá / _cManuel Ardit. |
| 250 | _a[1ª ed.]. | ||
| 260 |
_a[Valencia : _bF. Sanchis i Cardona : _bOrtiza, _c1970] |
||
| 300 |
_a165 p. ; _c20 cm. |
||
| 852 |
_aES-MaACL _jC-47643 _bR.75649 |
||
| 999 |
_c25728 _d25728 |
||